Informačné technológie ako prostriedok rozvoja malých a stredných podnikov v SR

Saved in:
Bibliographic Details
Main Author: Kokles, Mojmír
Other Authors: Romanová, Anita, 1973-
Format: Book Chapter
Language:Slovak
Tags: Add Tag
No Tags, Be the first to tag this record!

MARC

LEADER 00000naa$a2200000$$$4500
001 0122632
005 20240502083313.9
041 0 |a slo 
044 |a CZ 
245 1 0 |a Informačné technológie ako prostriedok rozvoja malých a stredných podnikov v SR  |c Mojmír Kokles, Anita Romanová 
100 1 |a Kokles, Mojmír 
700 1 |a Romanová, Anita, 1973-